| 000 | 00379nam a22001457a 4500 | ||
|---|---|---|---|
| 008 | 250915b |||||||| |||| 00| 0 eng d | ||
| 020 | _a9781399700719 | ||
| 050 |
_aHQ755.8 _b.N38 |
||
| 100 | _aNaumburg Carla | ||
| 245 | _aYou are not a sh*tty parent | ||
| 260 |
_aLondon _bHodder& stoughton ltd _c2022 |
||
| 300 | _aiv,220p. | ||
| 650 |
_aparenting _vchild rearing |
||
| 942 | _cBK | ||
| 999 |
_c4488 _d4488 |
||